|
|
|
|
| LEADER |
00000nem a2200000 a 4500 |
| 001 |
vtls001420305 |
| 003 |
SK-MaSNL |
| 005 |
20260301072303.0 |
| 007 |
aj cazzn |
| 008 |
130607s2001 xo a 0 slo |
| 015 |
|
|
|a SNBC2001/04-02610
|
| 020 |
|
|
|a 8096857401
|
| 035 |
|
|
|a SNK000375140
|
| 040 |
|
|
|a SNK
|b slo
|c SNK
|e AACR2
|
| 041 |
0 |
|
|a slo
|
| 043 |
|
|
|a e-xo---
|
| 044 |
|
|
|a xo
|c SK
|
| 080 |
|
|
|a 908.437.622(084.3)
|2 1981
|
| 245 |
0 |
0 |
|a Šaľa
|h kartografický dokument
|b várostékrép : stadtplan : town plan : orientačný plán mesta
|
| 255 |
|
|
|a Mierka neuvedená
|
| 260 |
|
|
|a Vráble
|b SOLING
|c [2001]
|
| 300 |
|
|
|a 1 mapa
|b fareb.
|c 41 x 59 cm
|
| 500 |
|
|
|a Podnáz. v angl., maď. , nem.
|
| 500 |
|
|
|a Mapa obojs. Obs. inform., vysvetl., rekl., adresár firiem
|
| 651 |
|
7 |
|a Šaľa (Slovensko)
|2 SNK
|9 27574
|
| 655 |
|
7 |
|a orientačné plány
|2 SNK
|9 74276
|
| 919 |
|
|
|a 80-968574-0-1
|
| 923 |
|
|
|a orientačná
|b skladaná
|c pre verejnosť
|
| 999 |
|
|
|c 640588
|d 642518
|
| 952 |
|
|
|t P60, <03>, [BOOK], {603}
|a SNK
|b SNK
|y PREZ
|7 0
|p 17A0314982
|o snkOSC 21387
|i snkKSP 10744/2001
|0 0
|1 0
|4 0
|d 2001-09-13
|l 0
|r 2005-01-02 00:00:00
|w 2026-02-23
|
| 952 |
|
|
|t P60, <04>, [BOOK], {604}
|a SNK
|b SNK
|y VYP
|7 0
|p 17A0314981
|o snkOSC 21387 D1
|i snkKSP 10745/2001
|0 0
|1 0
|4 0
|d 2001-09-13
|l 0
|r 2005-01-02 00:00:00
|w 2026-02-23
|